| 000 | 00583cam a22002291 4500 | ||
|---|---|---|---|
| 001 | ne 64002380 | ||
| 003 | DLC | ||
| 005 | 20260227111805.0 | ||
| 008 | 890331s1963 xx b d 000 0 ara | ||
| 010 | _ane 64002380 | ||
| 035 | _a(OCoLC)23499474 | ||
| 040 |
_aDLC _cMiU _dDLC |
||
| 041 | 0 | _aundara | |
| 042 | _apremarc | ||
| 050 | 0 | 0 |
_aPJ6645.G5 _bM3 |
| 100 | 1 | _aMasarrah, Tawfīq. | |
| 245 | 1 | 3 | _aal-Qāmūs al-ḥadīth, Almānī-ʻArabī. |
| 260 | _c[1963] | ||
| 300 |
_a642 p. _bmap. _c21 cm. |
||
| 500 | _aRomanized. | ||
| 650 | 0 |
_aGerman language _xDictionaries _xArabic. |
|
| 999 |
_c47427 _d47427 |
||